000 01577nam a2200397 i 4500
001 39191
003 KOSZ 005
005 20240405063126.0
008 990803s1998 enka g 100 0 pol
020 _a1870027663
040 _aWA N
_cWA N
_dKOSZ 005/RW
245 0 0 _aPolska poza Polską :
_bsprawozdanie z III Kongresu Kultury Polskiej na Obczyźnie /
_cpod redakcją Krzysztofa Rowińskiego.
260 _aLondyn :
_bPolskie Towarzystwo Naukowe na Obczyźnie,
_c1998.
300 _aXI, [1], 144, [1] strony, [16] stron tablic :
_bilustracje ;
_c22 cm.
336 _aTekst
_btxt
_2rdacontent
337 _aBez urządzenia pośredniczącego
_bn
_2rdamedia
338 _aWolumin
_bnc
_2rdacarrier
380 _aKsiążki.
380 _aPublikacje naukowe
490 1 _aPrace III Kongresu Kultury Polskiej na Obczyźnie ;
_vt. 3.
611 2 4 _aKongres Kultury Polskiej na Obczyźnie
_n(3 ;
_d1995 ;
_cLondyn)
658 _aKultura i sztuka
658 _aHistoria
648 4 _a1901-2000
651 4 _aPolska
650 4 _aKultura
651 4 _aWielka Brytania
655 4 _aMateriały konferencyjne
648 4 _a1939-1945
650 4 _aPolacy za granicą
700 1 _aRowiński, Krzysztof
_d(1932- ).
_eRedakcja
710 2 _aPolskie Towarzystwo Naukowe na Obczyźnie
_4pbl.
830 0 _aPrace III Kongresu Kultury Polskiej na Obczyźnie ;
_vt. 3.
856 _uhttp://koha.tu.koszalin.pl/cgi-bin/koha/opac-detail.pl?biblionumber=39191
_yKatalog online BPK
942 _2UKD
_cKS
999 _c39191
_d39191